[Event "AUTO-BEG-80"]
[Site "http://www.queenalice.com/game.php?id=177480"]
[Date "2007.3.5"]
[Round "1"]
[White "dom_carlos"]
[Black "osvaldo123"]
[Result "0-1"]
[WhiteElo "1165"]
[BlackElo "1318"]

1. c3 e5 2. d4 Nc6 3. a3 Nf6 4. Qd3 d5 5. g3 Ne4 6. Qb5 Qf6 7. Qxd5 Qxf2+ 8. Kd1
Qxf1+ 9. Kc2 Bf5 10. Nd2 Nf2+ 11. Kb3 Be6 0-1

[Event "AUTO-OPEN-608"]
[Site "http://www.queenalice.com/game.php?id=191040"]
[Date "2007.4.3"]
[Round "1"]
[White "sora07"]
[Black "osvaldo123"]
[Result "1-0"]
[WhiteElo "1612"]
[BlackElo "1374"]

1. Nf3 Nf6 2. e3 b5 3. Bxb5 c6 4. Be2 d5 5. O-O Nh5 6. d4 Nd7 7. Nc3 Nb6 8. Bd2
f6 9. Bd3 e5 10. dxe5 fxe5 11. Nxe5 Bd6 12. Qxh5+ g6 13. Nxg6 Bb8 14. Nxh8+ Kd7
15. Qxh7+ Ke6 16. Qf7+ Kd6 17. Ng6 Be6 18. Qf4+ Kd7 19. Nf8+ Kc8 20. Nxe6 Qg8
21. Qf8+ Qxf8 22. Nxf8 c5 23. Bf5+ Kb7 24. Rfe1 Nc4 25. Bc1 Be5 26. Ne6 Rh8 27.
Nxc5+ Kc6 28. Nd3 Rxh2 29. g3 Rh5 30. Nxe5+ Nxe5 31. Bd3 Nf3+ 32. Kf1 Rh1+ 33.
Kg2 d4 34. Kxh1 Nxe1 35. Kg1 dxc3 36. bxc3 Nf3+ 37. Kg2 Ne5 38. Ba3 Kb7 39. Rb1+
Kc8 40. Ba6+ Kd7 41. Rb7+ Kc6 42. Rxa7 Kb6 43. Ra8 Nc4 44. Bxc4 Kb7 45. Ra6 Kc7
46. g4 1-0

[Event "AUTO-OPEN-608"]
[Site "http://www.queenalice.com/game.php?id=191041"]
[Date "2007.4.3"]
[Round "1"]
[White "osvaldo123"]
[Black "sora07"]
[Result "0-1"]
[WhiteElo "1378"]
[BlackElo "1536"]

1. e4 e5 2. Bc4 Nf6 3. Nc3 Be7 4. Qf3 O-O 5. Nd5 Nxd5 6. Bxd5 Nc6 7. b4 Nxb4 8.
Kd1 Nxd5 9. Bb2 Nf6 10. Ne2 d6 11. c4 Bd7 12. Ng3 Bg4 13. Qxg4 Nxg4 14. Rf1 Nxh2
15. Rh1 Ng4 16. Rf1 a6 17. f3 Nf6 18. d3 b6 19. Bc1 c5 20. Rh1 b5 21. cxb5 axb5
22. Rb1 Rxa2 23. Rxb5 Rxg2 24. Rb2 Rxg3 25. Rbh2 Rxf3 26. Bg5 Rxd3+ 27. Ke2 Rd4
28. Bxf6 Bxf6 29. Rxh7 g6 30. Rh8+ Bxh8 0-1

[Event "AUTO-OPEN-608"]
[Site "http://www.queenalice.com/game.php?id=191054"]
[Date "2007.4.3"]
[Round "1"]
[White "osvaldo123"]
[Black "zawodnik"]
[Result "0-1"]
[WhiteElo "1349"]
[BlackElo "1874"]

1. d4 g6 2. e4 Nf6 3. Bg5 Nxe4 4. Be3 d5 5. c3 Bg7 6. Qf3 Nc6 7. c4 Nxd4 8. Bxd4
Bxd4 9. cxd5 Bxf2+ 10. Ke2 Qxd5 11. Nh3 Bxh3 12. Qd3 Bg4+ 13. Qf3 Bxf3+ 14. Kxf3
h5 15. g4 hxg4+ 16. Kxg4 Qf5# 0-1

[Event "AUTO-OPEN-608"]
[Site "http://www.queenalice.com/game.php?id=191055"]
[Date "2007.4.3"]
[Round "1"]
[White "zawodnik"]
[Black "osvaldo123"]
[Result "1-0"]
[WhiteElo "1840"]
[BlackElo "1349"]

1. e4 e5 2. Bc4 Nh6 3. Nf3 c6 4. Nxe5 f6 5. d4 fxe5 6. Qh5+ g6 7. Qxe5+ Qe7 8.
Qxh8 Qxe4+ 9. Kd1 Qxg2 10. Re1+ Kd8 11. Qxf8+ Kc7 12. Bf4+ Kb6 13. Qb4# 1-0

[Event "AUTO-INT-401"]
[Site "http://www.queenalice.com/game.php?id=191110"]
[Date "2007.4.3"]
[Round "1"]
[White "Chazam"]
[Black "osvaldo123"]
[Result "1-0"]
[WhiteElo "1575"]
[BlackElo "1386"]

1. f4 e5 2. d3 exf4 3. Bxf4 Bc5 4. Nf3 Qf6 5. Be5 Qb6 6. Bxg7 Bf2+ 7. Kd2 Qe3+
8. Kc3 Qc5+ 9. Kd2 Nc6 10. Bxh8 Nd4 11. Nxd4 Bxd4 12. Bxd4 Qxd4 13. c3 Qb6 14.
b3 d5 15. b4 d4 16. Qb3 Qh6+ 17. Kc2 Qf6 18. c4 Ne7 19. g3 Nf5 20. Qa4+ c6 21.
Nd2 Bd7 22. Kb3 b6 23. Bh3 c5 24. b5 Rb8 25. Raf1 a6 26. Ne4 Qd8 27. Bxf5 axb5
28. cxb5 Bxf5 29. Rxf5 Ra8 30. Qc4 Kd7 31. Rxf7+ Kc8 32. Qe6+ Kb8 33. Qe5+ Kc8
34. Nd6+ Kb8 35. Rb7# 1-0

[Event "AUTO-INT-401"]
[Site "http://www.queenalice.com/game.php?id=191111"]
[Date "2007.4.3"]
[Round "1"]
[White "osvaldo123"]
[Black "Chazam"]
[Result "1-0"]
[WhiteElo "1360"]
[BlackElo "1612"]

1. Nf3 e6 2. d4 c6 3. e4 Nf6 4. Ng5 h6 5. Nf3 Nxe4 6. Bf4 Qa5+ 7. Nbd2 g5 8. Be5
Rh7 9. c3 Nxd2 10. Nxd2 b5 11. Bd3 f5 12. Nb3 Qb6 13. Qh5+ Rf7 14. O-O Bb7 15.
Nc5 Bxc5 16. dxc5 Qxc5 17. Rfe1 Na6 18. Qxh6 O-O-O 19. Qxg5 Rff8 20. Rab1 Rg8
21. Qd2 Qd5 22. f3 Nc5 23. Qe3 Nxd3 24. Qxa7 Nxe1 25. Qb8# 1-0

[Event "AUTO-INT-401"]
[Site "http://www.queenalice.com/game.php?id=191122"]
[Date "2007.4.3"]
[Round "1"]
[White "Milton"]
[Black "osvaldo123"]
[Result "0-1"]
[WhiteElo "1463"]
[BlackElo "1328"]

1. e4 e5 2. Nc3 Nc6 3. Nf3 Nd4 4. b3 Qf6 5. d3 Bc5 6. Nd5 Qc6 7. Nxe5 Qe6 8.
Nxc7+ Kd8 9. Nxf7+ Qxf7 10. Nxa8 Nxb3 11. Rb1 Qxf2# 0-1

[Event "AUTO-INT-401"]
[Site "http://www.queenalice.com/game.php?id=191123"]
[Date "2007.4.3"]
[Round "1"]
[White "osvaldo123"]
[Black "Milton"]
[Result "0-1"]
[WhiteElo "1367"]
[BlackElo "1429"]

1. Nf3 d5 2. d4 Nf6 3. e3 Ne4 4. Ne5 e6 5. f3 Ng5 6. e4 dxe4 7. f4 f6 8. fxg5
fxe5 9. dxe5 Be7 10. Nc3 Nc6 11. Nxe4 Nxe5 12. Bc4 Nxc4 13. b3 Bb4+ 14. c3 Qxd1+
15. Kxd1 Ne3+ 16. Bxe3 Ba3 17. b4 O-O 18. Nc5 Bb2 19. Rb1 Bxc3 20. Nxe6 Bxe6 21.
Kc2 Be5 22. Rhe1 Bxh2 23. g4 Bxa2 24. Rb2 Be6 25. Rh1 Be5 26. Rbb1 Bxg4 27. Rhe1
Bf5+ 28. Kd2 Bxb1 29. Rxb1 Rad8+ 30. Ke2 Rf5 31. Rg1 Re8 32. Kd3 Bf4 33. Bd2
Bxd2 34. Kxd2 Rd5+ 35. Kc3 c5 36. bxc5 Rxc5+ 37. Kb4 b6 38. Rd1 Re4+ 39. Kb3 a5
40. Rd8+ Kf7 41. Rd6 b5 42. Rd3 Rec4 43. g6+ hxg6 44. Kb2 Rb4+ 45. Ka3 Rc1 46.
Rb3 Rxb3+ 47. Ka2 Rb4 48. Ka3 Ra1# 0-1

[Event "AUTO-INT-401"]
[Site "http://www.queenalice.com/game.php?id=191128"]
[Date "2007.4.3"]
[Round "1"]
[White "leafar"]
[Black "osvaldo123"]
[Result "0-1"]
[WhiteElo "1650"]
[BlackElo "1353"]

1. e4 e5 2. c4 Bc5 3. Nf3 Nc6 4. d3 Qh4 5. g3 Qe7 6. Bg2 Nd4 7. Nbd2 Nf6 8. O-O
Nxf3+ 9. Nxf3 Ng4 10. b3 Bb6 11. Bb2 d6 12. a4 Qe6 13. Ng5 Qf6 14. Nf3 h5 15. b4
h4 16. a5 hxg3 17. h3 gxf2+ 18. Kh1 Qf4 19. axb6 Ne3 20. Qe2 Ng4 0-1

[Event "AUTO-INT-401"]
[Site "http://www.queenalice.com/game.php?id=191129"]
[Date "2007.4.3"]
[Round "1"]
[White "osvaldo123"]
[Black "leafar"]
[Result "0-1"]
[WhiteElo "1381"]
[BlackElo "1605"]

1. d4 d5 2. Nc3 e6 3. Nf3 Nf6 4. e3 Be7 5. Bb5+ Bd7 6. Ng5 c6 7. Bd3 g6 8. O-O
O-O 9. Qf3 b6 10. e4 dxe4 11. Bxe4 Nxe4 12. Ncxe4 f5 13. Qh3 h5 14. Ng3 Bxg5 15.
Bxg5 Qxg5 16. Rad1 f4 17. Ne4 Qb5 18. g3 e5 19. Nf6+ Rxf6 20. dxe5 Bxh3 21. Rfe1
Rf5 22. e6 Na6 23. Re3 fxe3 24. fxe3 Qe2 25. Rd2 Qf1# 0-1

[Event "AUTO-BEG-80"]
[Site "http://www.queenalice.com/game.php?id=200815"]
[Date "2007.4.22"]
[Round "2"]
[White "osvaldo123"]
[Black "Eddiemasses"]
[Result "0-1"]
[WhiteElo "1368"]
[BlackElo "1488"]

1. d4 d5 2. Nc3 Nf6 3. f4 Bf5 4. e3 Nc6 5. Bb5 a6 6. Bd3 Bg4 7. Nge2 Bxe2 8.
Bxe2 g6 9. O-O Bg7 10. Bf3 Ne4 11. Nxe4 dxe4 12. Bxe4 f5 13. Bd5 Qxd5 14. b3
O-O-O 15. c4 Qe4 16. Re1 Nxd4 17. Bb2 Nc2 18. Bxg7 Rxd1 19. Rexd1 Nxa1 20. Rxa1
Qxe3+ 21. Kf1 Qxf4+ 22. Kg1 Rd8 23. Rf1 Qe3+ 24. Kh1 Qf2 25. Rxf2 Rd1+ 26. Rf1
Rxf1# 0-1

[Event "AUTO-BEG-80"]
[Site "http://www.queenalice.com/game.php?id=200816"]
[Date "2007.4.22"]
[Round "2"]
[White "Eddiemasses"]
[Black "osvaldo123"]
[Result "1-0"]
[WhiteElo "1498"]
[BlackElo "1326"]

1. e4 e5 2. Nf3 Nc6 3. Bb5 Nce7 4. Nxe5 c6 5. Bc4 d6 6. Nf3 Nf6 7. d4 d5 8. e5
Ng4 9. h3 dxc4 10. hxg4 Bxg4 11. Nc3 Qa5 12. Bd2 Nf5 13. b3 Bb4 14. Ne2 O-O-O
15. Bxb4 Qxb4+ 16. c3 Qe7 17. bxc4 f6 18. Nh4 fxe5 19. Nxf5 Bxf5 20. Ng3 exd4+
21. Kf1 dxc3 22. Qf3 Bd3+ 23. Kg1 Rhf8 24. Qh5 Bxc4 25. Nf5 Qe5 26. g4 Qe2 27.
Qh4 Rd1+ 28. Rxd1 Qxd1+ 29. Kh2 Qe2 30. Ne7+ Kd7 31. Nf5 1-0

[Event "AUTO-BEG-80"]
[Site "http://www.queenalice.com/game.php?id=200817"]
[Date "2007.4.22"]
[Round "2"]
[White "osvaldo123"]
[Black "marlonengq"]
[Result "0-1"]
[WhiteElo "1361"]
[BlackElo "1325"]

1. g4 e5 2. Nf3 Bc5 3. g5 f6 4. e4 fxg5 5. Rg1 d6 6. Bc4 Nf6 7. Nxg5 Ng4 8. Rxg4
Qf6 9. f3 Bxg4 10. d3 Rf8 11. Qd2 Qh6 12. Qg2 Qh4+ 13. Qg3 Qxg3+ 14. hxg3 h6 15.
fxg4 Bf2+ 16. Ke2 Bg1 17. Ne6 Rf2+ 18. Ke1 Ke7 19. Be3 Rxc2 20. Kf1 Bxe3 21.
Nxg7 Nc6 22. Nf5+ Kf8 23. Nxe3 Rc1+ 24. Ke2 Nd4+ 25. Kf2 Rc2+ 26. Nxc2 Nxc2 27.
Ke2 Nxa1 28. Kd2 Ke7 0-1

[Event "AUTO-BEG-80"]
[Site "http://www.queenalice.com/game.php?id=200818"]
[Date "2007.4.22"]
[Round "2"]
[White "marlonengq"]
[Black "osvaldo123"]
[Result "1-0"]
[WhiteElo "1342"]
[BlackElo "1344"]

1. e4 e5 2. Qf3 Nh6 3. Bc4 c5 4. d3 d6 5. Bxh6 f6 6. Bg5 Be7 7. Qh5+ g6 8. Qh6
fxg5 9. Qg7 Rf8 10. Qxh7 Rf6 11. Qg8+ Bf8 12. Nh3 Qa5+ 13. c3 Nc6 14. Nxg5 Ne7
15. Bf7+ Rxf7 16. Qxf7+ Kd8 17. Qxf8+ Kd7 18. Qf6 Qd8 19. Qe6+ Kc6 20. Qc4 d5
21. Qa4+ Kd6 22. Nf7+ Kc7 23. Nxd8 Kxd8 24. exd5 Nxd5 25. Qh4+ Ne7 26. Qh8+ Kd7
27. O-O b6 28. Re1 1-0

[Event "AUTO-BEG-80"]
[Site "http://www.queenalice.com/game.php?id=200819"]
[Date "2007.4.22"]
[Round "2"]
[White "osvaldo123"]
[Black "jumping"]
[Result "0-1"]
[WhiteElo "1357"]
[BlackElo "1571"]

1. g4 e5 2. e4 Nf6 3. f3 d5 4. g5 Nh5 5. exd5 Qxd5 6. Nc3 Qd8 7. f4 Nxf4 8. d4
Qxg5 9. Bc4 Bb4 10. Qf3 Qh4+ 11. Qf2 Qxf2+ 12. Kxf2 Nc6 13. Nb5 O-O 14. Nf3 exd4
15. c3 dxc3 16. Bxf4 Bc5+ 17. Kg2 cxb2 18. Rab1 a6 19. Nxc7 Ra7 20. Rxb2 b6 21.
Ng5 h6 22. Ne4 Bd4 23. a4 Bxb2 24. Rb1 Be5 25. Bd5 Rxc7 26. Bxe5 Nxe5 27. Rxb6
Rc2+ 28. Kg3 Rd8 29. Rb8 Rxd5 30. Rxc8+ Rxc8 31. h4 Rd3+ 32. Kf4 Ng6+ 33. Kg4
Rd4 34. Kf3 Nxh4+ 35. Ke3 Rxa4 36. Kf4 Ng6+ 37. Kg4 Rxe4+ 38. Kf3 f5 39. Kg2
Rc2+ 40. Kf3 Rc3+ 41. Kf2 Ra4 42. Ke1 Ra1+ 43. Kd2 Rh3 44. Kc2 Rg1 45. Kd2 Rg2+
46. Ke1 Rh1# 0-1

[Event "AUTO-BEG-80"]
[Site "http://www.queenalice.com/game.php?id=200820"]
[Date "2007.4.22"]
[Round "2"]
[White "jumping"]
[Black "osvaldo123"]
[Result "1-0"]
[WhiteElo "1495"]
[BlackElo "1378"]

1. e4 e5 2. Nf3 d6 3. d4 Nf6 4. dxe5 Nxe4 5. Qe2 d5 6. Nc3 Bb4 7. Bd2 Bc5 8.
Nxe4 dxe4 9. Qxe4 Bb4 10. Bxb4 b6 11. Bb5+ Bd7 12. Qxa8 Bxb5 13. Rd1 Qc8 14.
Qxa7 Na6 15. a3 Qe6 16. Qa8+ Nb8 17. Qxb8+ Qc8 18. Qxc8# 1-0

[Event "AUTO-OPEN-675"]
[Site "http://www.queenalice.com/game.php?id=216218"]
[Date "2007.5.25"]
[Round "1"]
[White "lukas2007"]
[Black "osvaldo123"]
[Result "1-0"]
[WhiteElo "1468"]
[BlackElo "1317"]

1. c4 e5 2. d4 exd4 3. Qxd4 Nc6 4. Qe3+ Qe7 5. Qxe7+ Bxe7 6. Bf4 Nb4 7. Na3 Bd6
8. Bxd6 cxd6 9. e4 Nc6 10. Nb5 Kd8 11. Nxd6 Nf6 12. Nxf7+ Ke8 13. Nxh8 Kf8 14.
f3 Kg8 15. Ng6 hxg6 16. h4 Nd4 17. O-O-O Nc6 18. g4 Nh7 19. h5 1-0

[Event "AUTO-OPEN-675"]
[Site "http://www.queenalice.com/game.php?id=216219"]
[Date "2007.5.25"]
[Round "1"]
[White "osvaldo123"]
[Black "lukas2007"]
[Result "0-1"]
[WhiteElo "1307"]
[BlackElo "1478"]

1. g4 g5 2. d4 d5 3. Nh3 h6 4. e3 c6 5. Nc3 Qd7 6. b4 Qxg4 7. f3 Qh4+ 8. Kd2
Bxh3 9. f4 Bxf1 10. Rxf1 Qxh2+ 11. Qe2 Qxe2+ 12. Kxe2 gxf4 13. exf4 f5 14. a3
Bg7 15. Rd1 a5 16. b5 e6 17. bxc6 bxc6 18. Rb1 Nd7 0-1

[Event "AUTO-OPEN-675"]
[Site "http://www.queenalice.com/game.php?id=216244"]
[Date "2007.5.25"]
[Round "1"]
[White "alexnu"]
[Black "osvaldo123"]
[Result "1-0"]
[WhiteElo "1834"]
[BlackElo "1298"]

1. g4 d5 2. Bg2 Nf6 3. h3 e5 4. Nc3 Nc6 5. e4 d4 6. Nce2 Nxe4 7. Bxe4 Na5 8. Ng3
Bc5 9. a3 O-O 10. b4 Bb6 11. bxa5 Bxa5 12. Nf3 Bb6 13. O-O f5 14. gxf5 d3 15.
Bxd3 g6 16. fxg6 hxg6 17. Nxe5 Qf6 18. Ng4 Bxg4 19. Qxg4 Ba5 20. Qxg6+ Qxg6 21.
Bxg6 Kg7 22. Bd3 1-0

[Event "AUTO-OPEN-675"]
[Site "http://www.queenalice.com/game.php?id=216245"]
[Date "2007.5.25"]
[Round "1"]
[White "osvaldo123"]
[Black "alexnu"]
[Result "0-1"]
[WhiteElo "1328"]
[BlackElo "1682"]

1. g4 d5 2. d4 Bxg4 3. f3 Bh5 4. f4 e6 5. Nf3 Bxf3 6. exf3 Qh4+ 7. Kd2 Nc6 8.
Qe2 Qxf4+ 9. Kd1 Qxd4+ 10. Bd2 O-O-O 11. c3 Qb6 12. Be3 d4 13. cxd4 Nxd4 14. Qf2
Nf5+ 15. Ke2 Nxe3 16. Qxe3 Qxb2+ 17. Qd2 Rxd2+ 18. Nxd2 Qxa1 19. h4 Bb4 20. Bg2
Qb2 21. Rb1 Qxd2+ 0-1